Normal view
MARC view
Entry Personal Name
001 - CONTROL NUMBER
- control field: 2161
003 - CONTROL NUMBER IDENTIFIER
- control field: ARRUPE
005 - DATE AND TIME OF LATEST TRANSACTION
- control field: 20131007144401.0
008 - FIXED-LENGTH DATA ELEMENTS
- fixed length control field: 131007|| aca||aabn | a|a d
040 ## - CATALOGING SOURCE
- Original cataloging agency: ARRUPE
- Transcribing agency: ARRUPE
100 ## - HEADING--PERSONAL NAME
- Personal name: Sayers, Dorothy L.
- Fuller form of name: (Dorothy Leigh),
- Dates associated with a name: 1893-1957
- General subdivision: Religion.
670 ## - SOURCE DATA FOUND
- Source citation: Work cat.: (ARRUPE)0: Simmons, Laura K. 2160, Creed without chaos :, c2005.